Практикум по общей, экспериментальной и прикладной психологии: учебное пособие

Bibliographic Details
Other Authors: Крылов А. А. (редактор), Маничев С. А.
Language:Russian
Published: СПб., Питер, 2004
Edition:2-е изд., доп. и перераб.
Series:Практикум по психологии
Subjects:
Format: Book
KOHA link:https://koha.lib.tpu.ru/cgi-bin/koha/opac-detail.pl?biblionumber=68097

MARC

LEADER 00000nam0a2200000 4500
001 68097
005 20231031074509.0
010 |a 5804601008 
035 |a (RuTPU)RU\TPU\book\72496 
090 |a 68097 
100 |a 20040930d2004 m y0rusy50 ca 
101 0 |a rus 
102 |a RU 
105 |a a j 001zy 
200 1 |a Практикум по общей, экспериментальной и прикладной психологии  |e учебное пособие  |f Под ред. А. А. Крылова, С. А. Маничева 
205 |a 2-е изд., доп. и перераб. 
210 |a СПб.  |c Питер  |d 2004 
215 |a 559 с.  |c ил. 
225 1 |a Практикум по психологии 
320 |a Библиогр.: с. 553. 
610 1 |a психология 
610 1 |a общая психология 
610 1 |a экспериментальная психология 
610 1 |a прикладная психология 
610 1 |a практическая психология 
610 1 |a практикумы 
610 1 |a психофизика 
610 1 |a психофизиология 
610 1 |a психофизическое обследование 
610 1 |a психологические исследования 
610 1 |a результаты 
610 1 |a восприятие 
610 1 |a ощущения 
610 1 |a воображение 
610 1 |a память 
610 1 |a внимание 
610 1 |a мышление 
610 1 |a речь 
610 1 |a психомоторная организация 
610 1 |a эмоции 
610 1 |a деятельность 
610 1 |a психометрика 
610 1 |a личность 
610 1 |a свойства 
610 1 |a интеллект 
610 1 |a профориентация 
610 1 |a профориентационные тесты 
610 1 |a медико-психологическая диагностика 
610 1 |a психопатология 
610 1 |a социально-психологические проблемы 
610 1 |a психологическая экспертиза 
610 1 |a консультирование 
610 1 |a психотерапия 
610 1 |a психотренинг 
610 1 |a аутогенная тренировка 
610 1 |a психокоррекция 
610 1 |a этические проблемы 
610 1 |a учебные пособия 
610 1 |a обработка 
686 |a Ю93я73  |v LBC/SL-A  |2 rubbk 
702 1 |a Крылов  |b А. А.  |4 340 
702 1 |a Маничев  |b С. А.  |4 340 
801 1 |a RU  |b 63413507  |c 20040930  |g PSBO 
801 2 |a RU  |b 63413507  |c 20220331  |g PSBO 
900 |a Психология 
900 |a Психологический практикум 
942 |c BK 
952 |a 521000  |b 030300  |b 030301 
959 |a 119/20040924  |d 1  |e 85  |f ЧЗГЛ:1